000 00600nam a2200145Ia 4500
008 220216s9999 xx 000 0 und d
100 _aZulkefli M U
245 0 _aComparative study on Malaysian bridges performances under low level earthquake
260 _bClimate Change, Low Carbon Economy and Sustainable Natural Rubber Industry: Preprints of Proceedings of IRRDB International Rubber Conference 2010, 18-19 October 2010 Sanya, Hainan, China, pp. 795.
650 _aEarthquake resistance
650 _aFinite element analysis
650 _aRubber bearing
856 _uAbst only
942 _cJS
999 _c55970
_d55970